Statistics for Solve the Famous People

Click here to take the quiz!

General Stats

  • This quiz has been taken 116 times
    (48 since last reset)
  • The average score is 11 of 16

Answer Stats

Surname Surname Answer Description % Correct
BoleynZappaAnne FrankDiarist
96%
CumberbatchSchwarzeneggerBenedict ArnoldGeneral
85%
SarandonHopkinsSusan B. AnthonyActivist
85%
WillisHarvey OswaldBruce LeeActor
83%
DisraeliRooseveltBenjamin FranklinPolitician
81%
Barrett BrowningSwiftElizabeth TaylorActress
77%
HoudiniCapoteHarry TrumanPolitician
77%
RomanoDarwinRay CharlesMusician
74%
SchubertMagellanFranz FerdinandArchduke
70%
Gervaisvan BurenRicky MartinMusician
68%
Lloyd WebberPollockAndrew JacksonPolitician
66%
MarleyThomasBob DylanMusician
66%
BurkeClintonEdmund HillaryExplorer
62%
MagdaleneDuvallMary ShelleyAuthor
55%
AsimovGingrichIsaac NewtonScientist
55%
BorgeChávezVictor HugoWriter
49%

Score Distribution

Percentile by Number Answered

Percent of People with Each Score

Your Score History

You have not taken this quiz since the last reset